Gaveshana praveshika (Malayalam) (Record no. 42461)

MARC details
000 -LEADER
fixed length control field 00328nam a2200121Ia 4500
020 ## - INTERNATIONAL STANDARD BOOK NUMBER
ISBN 8176382604
082 ## - DEWEY DECIMAL CLASSIFICATION NUMBER
Classification number 001.8
Item number VIS
100 ## - MAIN ENTRY--AUTHOR NAME
Personal name Vishnu Nampoothiri, M V
245 #0 - TITLE STATEMENT
Title Gaveshana praveshika (Malayalam)
260 ## - PUBLICATION, DISTRIBUTION, ETC. (IMPRINT)
Place of publication Trivandrum
Name of publisher Kerala Bhasha Institute
Year of publication 2001
942 ## - ADDED ENTRY ELEMENTS (KOHA)
Koha item type Books
Holdings
Withdrawn status Lost status Damaged status Not for loan Home library Current library Date acquired Cost, normal purchase price Full call number Accession Number Koha item type
        RRII Library RRII Library 16/12/2021 52.00 001.8 VIS 22733 Books